00865nam a2200253 a 450000100060000000300080000600500170001400800410003102000150007203500190008704000300010604100080013608200270014410000410017124500580021225000120027026000640028230000240034650000890037050000380045965000470049765000270054483000400057163773BD-RjUL20211209081230.0170204r19951969ii b 001 0 eng d a8171020208 a(BD-RjUL)63903 aNUWS:WbengdANLcBD-RjUL aeng00a891.4409223bDAO 19951 aDasgupta, Shashi Bhushan, 1912-1964.10aObscure religious cults /cby Shashibhusan Das Gupta. a3rd ed. aCalcutta :bFirma K.L. Mukhopadhyay,c1969 [Reprinted 1995] al, 436 p. ;c22 cm. aFirst edition entitled: Obscure religious cults as background of Bengali literature. aFirst edition 1946, revised 1962. 0aBengali literaturexHistory and criticism. 0aBuddhist sectszIndia. aDr John Cooper Theosophy Collection